| 000 | 01020nam a22003137a 4500 | ||
|---|---|---|---|
| 003 | CHAP | ||
| 005 | 20220329134226.0 | ||
| 008 | 971013s1984 r 00010 d | ||
| 010 | _a17242 | ||
| 011 | _a18214 | ||
| 035 | _a22299 | ||
| 040 | _cCHAP | ||
| 090 | _aFolleto 9688 | ||
| 100 | 0 | 0 |
_aBinswanger, Hans P. _912714 |
| 245 |
_aAgricultural mechanization _b: a comparative historical perspective |
||
| 260 |
_aWashington : _bThe World bank, _c1984 |
||
| 300 | _a80 p. | ||
| 490 |
_aWorld Bank staff working _v; 673 |
||
| 590 |
_aBATCH-UPD _b10 _c20130110 _lUCH01 _h2004 |
||
| 590 |
_aBATCH-UPD _b10 _c20130410 _lUCH01 _h1324 |
||
| 590 |
_aBATCH-UPD _b10 _c20130914 _lUCH01 _h0726 |
||
| 590 |
_aCONVERSION _b10 _c20130109 _lUCH01 _h1311 |
||
| 650 | 1 | 4 |
_aMecanización agrícola. _973801 |
| 710 | 0 |
_aBanco Internacional de Reconstrucción y Fomento. _99848 |
|
| 830 | 0 |
_aWorld Bank staff working _v; 673 _9122694 |
|
| 901 | _aBK | ||
| 942 | _cFOLL | ||
| 949 |
_aFolleto 9688 _bBC _cFOLL _d-52198 _eTS1 _gI. 126516 _i22299 _si |
||
| 999 |
_c17242 _d17242 |
||